000 00588nam a2200193 a 4500
001 000010676
005 20240412074220.0
008 091009s1992 dr a 001 0 spa d
040 _aDO-SdBNP
082 _aRD861.44
_bN964p
100 1 _aNúñez Solano, Emilio,
_d1937-
_925854
245 1 0 _aPensamiento /
_cEmilio Núñez Solano.
260 _aSanto Domingo :
_bAlfa y Omega,
_c1992.
300 _a34 p. :
_bil ;
_c21 cm.
500 _aIncluye datos biográficos del autor en la página 3
650 0 _aPoesía dominicana
_966
650 0 _aLiteratura dominicana.
_967
049 _aBNPD
999 _c10431
_d10431